| 000 | 00601nam a2200205 a 4500 | ||
|---|---|---|---|
| 001 | 1340 | ||
| 003 | CDMR | ||
| 005 | 20131112113724.0 | ||
| 008 | 130130s2003||||||||||||||||||||||||||||d | ||
| 020 | _a8473067746 | ||
| 040 |
_aCDMR _bcat _cCDMR |
||
| 100 | 1 |
_aPalau, Goretti _91038 |
|
| 245 | 1 | 0 |
_aGabinets de comunicació _b: periodistes a l'altra banda _cGoretti Palau |
| 260 |
_aBarcelona _c2003 _bPòrtic |
||
| 490 | 0 |
_aEines de Periodista _v7 |
|
| 650 | 0 | 4 |
_93333 _aGabinets de premsa |
| 650 | 0 | 4 |
_92798 _aComunicació en l'empresa |
| 650 | 0 | 4 |
_93870 _aComunicació en l'administració |
| 942 |
_cMON _2ddc |
||
| 999 |
_c1340 _d1340 |
||